000 01177nam a2200325 i 4500
001 11484
003 KOSZ 005
005 20200630132824.0
008 071115s1968 pl a f f |000 0 pol
015 _aPB 1968/2816
035 _a(OCoLC)749836931
040 _aWA N
_cKOSZ 005/EG
_dKOSZ 005/EG
041 1 _apol
_heng
046 _k1968
080 _a53
080 _a(075.8)
100 1 _aEisberg, Robert Martin.
_d(1928- ).
_eAutor
245 1 0 _aPodstawy fizyki współczesnej /
_cRobert Martin Eisberg ; [z ang. tł. Jerzy Raułuszkiewicz, Janusz Adamski].
246 1 _iTyt. oryg.:
_aFundamentals of modern physics.
260 _aWarszawa :
_bPaństwowe Wydawnictwo Naukowe,
_c1968.
300 _a949, [2] s. :
_bil., err. ;
_c23 cm.
380 _aKsiążki.
655 4 _aPodręczniki akademickie
650 4 _aFizyka
700 1 _aAdamski, Janusz
_c(fizyk).
_eTłumaczenie
700 1 _aRaułuszkiewicz, Jerzy
_d(1927-2005)
_eTłumaczenie
710 2 _aPaństwowe Wydawnictwo Naukowe
_4pbl.
856 _uhttp://koha.tu.koszalin.pl/cgi-bin/koha/opac-detail.pl?biblionumber=11484
_yKatalog online BPK
942 _2UKD
_cKS
999 _c11484
_d11484